00524nam a2200193 a 4500001001300000003000900013005001700022008004100039020002300080082001500103100002200118245003300140260004600173300000900219500003500228505002500263650002000288700002200308nice12345678IN_TiNIC20260116014050.0110719s2007 newa grp 000 0 eng  a9780823226603c10000a220.9bMAR aMarchadour, Alain aLand, the Bible, and History aNew YorkbFordham University Press c2007 a239p aincludes index and biblioraphy2 anotes, biblio, index aBible-Geography1 aMarchadour, Alain